000 00967nam a2200289 i 4500
003 DO-SdBNP
005 20250306134046.0
007 ta
008 250306s2016 dr 000 p spa d
020 _a9789945588682
040 _aDO-SdBNP
_bspa
_cBNPHU
_erda
082 _axxx
_bB533
_222
100 1 _aBerroa, Fernando
_d1983-
_eautor
_4aut.
_943136
245 1 3 _aLa destrucción del mito /
_cFernando Berroa
264 4 _aSanto Domingo :
_bDirección General de la Feria del Libro,
_c©2016.
300 _a65 páginas
_c23 cm.
336 _atexto
_btxt
_2rdacontent
337 _asin mediación
_bn
_2rdamedia
338 _avolumen
_bnc
_2rdacarrier
500 _aIncluye datos biografícos del autor en la solapa de la portada.
586 _aPremio Joven de Poesía Feria del Libro 2015.
590 _aInventariado, 2025/ YL
650 4 _aNovela argentina
_93941
650 4 _aLiteratura argentina
_ySIGLO XX
_914711
910 _aYLockward
942 _2ddc
_cLBS1
999 _c58346
_d58346